000 00359pab a2200157 454500
008 180718b2007 xxu||||| |||| 00| 0 eng d
100 _aRoy, Jaideep
245 _aThe tenancy ladder revisited
260 _c2007
300 _ap.74-84.
362 _aJan-Mar
650 _aLand tenure
773 _aIndian Economic Journal
908 _aN
909 _a78914
999 _c78914
_d78914